00445nam a22001457a 450000500170000000800410001702000150005804100120007308200140008510000250009924500690012426000510019330000300024465000250027420231031132324.0231031b |||||||| |||| 00| 0 eng d a0702111198 aEnglish a346.6 WAT aWaters, DFlEnglish  aInsolvency and Liquidation :bA Creditor's Handbook /cDF Waters aCape Town : bJuta and Company Limited, c1977 bvii, 53 pages ; c22 cm.  alegal practice bLaw